02029nam a22001457a 4500008004100000020001800041050001500059245008700074260004700161300003300208500002000241505158300261700002101844700001801865200121b xxu||||| |||| 00| 0 eng d a9780198798958 aHC1060.E29 aThe economy of Ghana sixty years after independence. /cedited by Ernest Aryeteey. aOxford :bOxford University Press, c2017. axx, 415 p. : bill ;c24 cm. aIncludes index. aContents: Part I: Thematics issues: Ghana at sixty:learning from a developing African nation's past -- W. Arthur Lewis and the roots of Ghanaian Economic Policy -- Property and freedom -- Part II: Macroeconomy and finance: Economic growth in Ghana: trends and structure, 1960-2014 -- Sixty years of fiscal policy in Ghana: outcomes and lessons -- Monetary policy and inflation management in Ghana: inflation targeting and outcomes -- Trade and exchange rate policies since independence and prospects for the future -- Banking and capital markets: the evolution of Ghana's financial sector and future prospects -- Oil and Ghana's economy -- Part III: Sectoral perspectives: Flickering decades of agriculture and agricultural policy -- Industrial policy in Ghana: from a dominant state to resource abundance -- Formal and informal enterprise as drivers and absorbers of employment -- Urbanization in Ghana: retrospect and prospects -- State of Ghana's infrastructure and its implications for economic development -- Managing the environment for development -- Mining in Ghana: critical reflections on a turbulent past and uncertain future -- Part IV: Human development: Inequality and poverty in Ghana -- Employment and labour market -- Closing the gender gaps in Ghana -- The prospects and challenges olf a youthful population in achieving economic and social transformation in Ghana -- Education in Ghana: access, quality, and prospects for reforms -- Health and healthcare in Ghana, 1957-2017 -- Social health insurance in Ghana: the politics, economics, and the future.  aAryeetey,Ernest. aKanbur, Ravi.